01830nac a22002651u 4500010001700000020002800017020002800045082001800073090001500091100003400106245012800140260004200268300002600310500002900336504005100365505074000416511002601156650002301182700002901205856008301234856009101317942002001408999001501428952012101443 a 2005015497 a0415315204 (hard cover) a0415315212 (soft cover)00a658.4056bSMI c6835d6835 aSmith, Denis, 10aKey readings in crisis management :bsystems and structures for prevention and recovery /cDenis Smith and Dominic Elliott. aNew York, NY :bRoutledge,2006c2006. a436p.:bill.;c24 cm. adistributed by: Al-Ahram aIncludes bibliographical references and index.0 aCrisis management -- The limits of safety -- Understanding industrial crises -- The structure of man-made organizational crisis -- Organisational pathology and industrial crisis -- Organizations and crisis -- Modelling the crisis management process -- The organizational and inter-organizational development of disasters -- Crisis prone versus crisis avoiding organisations -- Systems analysis of failures as a quality management tool -- Organizational learning from disasters -- Enacted sensemaking in crisis situations -- Human errors -- Storming and catastrophic systems failure -- The crisis of management -- Designs for crisis decision units -- Collective minds in organizations -- Football stadia disasters in the United Kingdom. acatalogued by: wessam 0aCrisis management.1 aElliott, Dominic,d1963-413Table of contents onlyuhttp://www.loc.gov/catdir/toc/ecip0514/2005015497.html413Publisher descriptionuhttp://www.loc.gov/catdir/enhancements/fy0651/2005015497-d.html cBBk658.4056SMI c6835d6835 00104070aMAINbMAINc1STd2007-12-09ePurchasel1m2o658.4056SMIp000008219r2025-07-15 00:00:00s2016-09-21yBB